Statistics for Antalya Airport Destinations (Antalya, Turkey)

Click here to take the quiz!

General Stats

  • This quiz has been taken 50 times
    (19 since last reset)
  • The average score is 133 of 238

Answer Stats

AirlineDestination% Correct
Turkish AirlinesIstanbul
100%
AJet/Pegasus AirlinesIstanbul (Sabiha Gokcen)
100%
British Airways/Corendon Airlines/easyJet/Freebird Airlines/SunExpress/TUI Airways/Wizz AirLondon (Gatwick)
100%
easyJet/SunExpress/Wizz AirLondon (Luton)
100%
AJet/Corendon Airlines/Jet2.com/Pegasus Airlines/SunExpress/TUI AirwaysLondon (Stansted)
100%
Corendon Airlines/Pegasus Airlines/SunExpressParis (Charles de Gaulle)
100%
TransaviaParis (Orly)
100%
AJet/Pegasus AirlinesAnkara
94%
Corendon Airlines/easyJet/Eurowings/Freebird Airlines/Southwind Airlines/SunExpress/Turkish AirlinesBerlin
94%
SunExpressIzmir
94%
Pegasus Airlines/S7 Airlines/Smartavia/Turkish Airlines/Ural Airlines/Yamal AirlinesMoscow (Domodedovo)
94%
Aeroflot/Nordwind Airlines/Pobeda/Southwind AirlinesMoscow (Sheremetyevo)
94%
Azur Air/I-Fly/Pobeda/Rossiya/Turkish AirlinesMoscow (Vnukovo)
94%
Ural AirlinesMoscow (Zhukovsky)
94%
Corendon Dutch Airlines/Pegasus Airlines/SunExpress/TUI fly NetherlandsAmsterdam
88%
Azerbaijan AirlinesBaku
88%
Air SerbiaBelgrade
88%
Smartwings Hungary/SunExpress/Wizz AirBudapest
88%
Pegasus Airlines/Qatar AirwaysDoha
88%
Pegasus Airlines/SunExpressDubai (International)
88%
AJet/Condor/Corendon Airlines/Discover Airlines/Freebird Airlines/Pegasus Airlines/SunExpress/Turkish AirlinesFrankfurt
88%
AJet/Condor/Corendon Airlines/Freebird Airlines/Pegasus Airlines/Southwind Airlines/SunExpressHamburg
88%
Corendon Airlines/easyJet/Freebird Airlines/Jet2.com/Pegasus Airlines/SunExpress/TUI AirwaysManchester
88%
Condor/Corendon Airlines/Discover Airlines/Freebird Airlines/Pegasus Airlines/Southwind Airlines/SunExpress/Turkish AirlinesMunich
88%
Norwegian Air Shuttle/Scandinavian Airlines/Sunclass AirlinesOslo
88%
Azur Air/I-Fly/Nordwind Airlines/Pegasus Airlines/Rossiya/Southwind Airlines/Turkish Airlines/Ural AirlinesSaint Petersburg
88%
Norwegian Air Shuttle/Pegasus Airlines/Scandinavian Airlines/Sunclass Airlines/SunExpressStockholm (Arlanda)
88%
AJet/Austrian Airlines/Corendon Airlines/Pegasus Airlines/SunExpressVienna
88%
Etihad Airways/SunExpress/Wizz AirAbu Dhabi
81%
Pegasus Airlines/Royal JordanianAmman (Queen Alia)
81%
Air Astana/Mavi Gok Airlines/SCAT Airlines/Southwind Airlines/Sunday Airlines/Turkish AirlinesAstana
81%
Corendon Airlines/easyJet/Jet2.com/SunExpress/TUI AirwaysBirmingham
81%
Corendon Airlines/Mavi Gok Airlines/Pegasus Airlines/Sundair/SunExpress/Tailwind AirlinesBremen
81%
Corendon Airlines/easyJet/Jet2.com/SunExpress/TUI AirwaysBristol
81%
AJet/Brussels Airlines/Corendon Airlines/SunExpress/TUI fly BelgiumBrussels
81%
AJet/Corendon Airlines/Eurowings/Freebird Airlines/Pegasus Airlines/SunExpressCologne/Bonn
81%
SunExpress/TUI fly NetherlandsEindhoven
81%
Corendon Airlines/SunExpressGraz
81%
Finnair/Pegasus Airlines/Southwind Airlines/SunExpressHelsinki
81%
Azur Air Ukraine/SkyUp/Ukraine International Airlines/Windrose AirlinesKyiv
81%
BelaviaMinsk
81%
Czech Airlines/Pegasus Airlines/Smartwings/SunExpressPrague
81%
airBaltic/SunExpressRiga
81%
Corendon Airlines/Eurowings/Freebird Airlines/Southwind Airlines/SunExpress/Turkish AirlinesStuttgart
81%
GetJet Airlines/SunExpressVilnius
81%
Corendon Airlines/Enter Air/Smartwings Poland/SunExpress/Turkish AirlinesWarsaw (Chopin)
81%
Enter AirWarsaw (Modlin)
81%
Enter AirWarsaw (Radom)
81%
AJet/Chair Airlines/Corendon Airlines/Edelweiss Air/Helvetic Airways/Southwind Airlines/SunExpressZurich
81%
Pegasus Airlines/SunExpressAdana
75%
Iraqi Airways/Turkish AirlinesBaghdad
75%
Corendon Airlines/easyJet/Southwind Airlines/SunExpressBasel/Mulhouse
75%
Pegasus Airlines/Southwind Airlines/SunExpressBeirut
75%
Norwegian Air Shuttle/WideroeBergen
75%
Fly LiliBucharest (Baneasa)
75%
Animawings/Corendon Airlines/TAROM/Wizz AirBucharest (Otopeni)
75%
Petroleum Air ServicesCairo
75%
DAT/Pegasus Airlines/Scandinavian Airlines/Sunclass Airlines/SunExpressCopenhagen
75%
SunExpressDortmund
75%
Corendon Airlines/Pegasus Airlines/Sundair/SunExpressDresden
75%
SunExpressDublin
75%
AJet/Condor/Corendon Airlines/Eurowings/Freebird Airlines/Pegasus Airlines/Southwind Airlines/SunExpress/Turkish AirlinesDusseldorf
75%
easyJet/Jet2.com/SunExpressEdinburgh
75%
Azur Air/I-Fly/Nordwind Airlines/Pobeda/Rossiya/Southwind Airlines/Turkish Airlines/Ural AirlinesKazan
75%
Buzz/Enter Air/SunExpressKrakow
75%
Jazeera Airways/Pegasus Airlines/SunExpress/Tailwind Airlines/Turkish AirlinesKuwait City
75%
LuxairLuxembourg
75%
Enter Air/Pegasus Airlines/Smartwings PolandPoznan
75%
RossiyaSochi
75%
AJet/BH Air/Pegasus Airlines/SunExpressSofia
75%
Pegasus Airlines/SmartLynx Airlines Estonia/SunExpressTallinn
75%
SunExpressTbilisi
75%
AJet/Pegasus Airlines/Southwind Airlines/Turkish AirlinesTel Aviv
75%
Pegasus Airlines/SunExpressTrabzon
75%
Air AlgerieAlgiers
69%
Air Astana/Pegasus Airlines/SCAT Airlines/Sunday Airlines/Turkish AirlinesAlmaty
69%
TUI fly BelgiumAntwerp
69%
easyJet/Jet2.com/TUI AirwaysBelfast (International)
69%
DAT/Pegasus Airlines/Scandinavian Airlines/Sunclass Airlines/SunExpressBillund
69%
AirExplore/Pegasus Airlines/SmartwingsBratislava
69%
Freebird Airlines/Southwind AirlinesChisinau
69%
Enter Air/Pegasus AirlinesGdansk
69%
AJet/easyJet/Pegasus Airlines/SunExpress/Swiss International Air Lines/Turkish AirlinesGeneva
69%
Corendon Airlines/Jet2.com/TUI AirwaysGlasgow
69%
Corendon Airlines/Enter Air/Smartwings PolandKatowice
69%
Jet2.com/SunExpress/TUI AirwaysLeeds/Bradford
69%
Condor/Corendon Airlines/Freebird Airlines/Southwind Airlines/SunExpressLeipzig/Halle
69%
easyJet/Jet2.comLiverpool
69%
Enter AirLodz
69%
SunExpressLyon
69%
SunExpress/TransaviaMarseille
69%
SunExpressMilan (Malpensa)
69%
Corendon Airlines/Jet2.com/SunExpress/TUI AirwaysNewcastle upon Tyne
69%
Air SerbiaNis
69%
Azur Air/I-Fly/Nordwind Airlines/Rossiya/S7 Airlines/Smartavia/Southwind AirlinesNovosibirsk
69%
flyadealRiyadh
69%
Azur Air/Nordwind AirlinesRostov-on-Don
69%
Animawings/TAROMTimisoara
69%
Air Albania/Pegasus Airlines/SunExpressTirana
69%
Scandinavian AirlinesTromso
69%
BH AirVarna
69%
Azur Air/I-Fly/Nordwind Airlines/Rossiya/Southwind Airlines/Ural AirlinesYekaterinburg
69%
SmartwingsBrno
63%
Animawings/TAROMCluj-Napoca
63%
SunExpressErbil
63%
Scandinavian Airlines/Sunclass Airlines/SunExpressGothenburg
63%
AJet/Corendon Airlines/Freebird Airlines/Pegasus Airlines/Southwind Airlines/SunExpressHannover
63%
Azur Air/Nordwind Airlines/Southwind AirlinesKaliningrad
63%
Azur Air Ukraine/SkyUp/Ukraine International Airlines/Windrose AirlinesKharkiv
63%
Azur Air Ukraine/SkyUp/Ukraine International Airlines/Windrose AirlinesLviv
63%
Corendon Airlines/Freebird Airlines/Southwind Airlines/SunExpressNuremberg
63%
Corendon AirlinesSalzburg
63%
AJet/Pegasus Airlines/SunExpress/Turkish AirlinesSarajevo
63%
AJet/Pegasus Airlines/Southwind Airlines/SunExpressSkopje
63%
I-Fly/Nordwind Airlines/Rossiya/Southwind Airlines/Ural AirlinesUfa
63%
SunExpressVan
63%
Enter AirWroclaw
63%
Pegasus AirlinesYerevan
63%
Freebird AirlinesZagreb
63%
Pegasus Airlines/SunExpressAalborg
56%
Pegasus AirlinesBahrain
56%
Helvetic AirwaysBern
56%
BelaviaBrest
56%
Smartwings Hungary/Wizz AirDebrecen
56%
Aeroflot/Nordwind AirlinesGrozny
56%
Pegasus Airlines/SunExpressKayseri
56%
AirExploreKosice
56%
Corendon Airlines/Mavi Gok AirlinesLinz
56%
Sunclass AirlinesMalmo
56%
SmartwingsOstrava
56%
Pegasus Airlines/SunExpressPristina
56%
SunExpressRotterdam
56%
Corendon Dutch Airlines/SunExpress/TUI fly NetherlandsRotterdam/The Hague
56%
I-Fly/Nordwind Airlines/Rossiya/Southwind AirlinesSamara
56%
SunExpressSamsun
56%
Pegasus Airlines/Scandinavian Airlines/Sunclass Airlines/WideroeTrondheim
56%
Nordwind Airlines/Yamal AirlinesVolgograd
56%
TUI AirwaysCardiff
50%
Jet2.com/TUI AirwaysEast Midlands
50%
BelaviaGomel
50%
Enter AirLublin
50%
Nordwind Airlines/Red Wings Airlines/Yamal AirlinesMineralnye Vody
50%
Azur Air/Nordwind AirlinesMurmansk
50%
Azur Air/Nordwind Airlines/Rossiya/Southwind Airlines/Ural Airlines/Yamal AirlinesNizhny Novgorod
50%
Azur Air/Nordwind Airlines/Turkish AirlinesOmsk
50%
Corendon Airlines/Nordwind Airlines/Pobeda/Rossiya/Ural AirlinesPerm
50%
Enter AirRzeszow
50%
Corendon Airlines/Mavi Gok Airlines/SunExpressSaarbrucken
50%
Norwegian Air Shuttle/Sunclass AirlinesStavanger
50%
Azur Air Ukraine/SkyUp/Ukraine International AirlinesZaporizhzhia
50%
Sunday AirlinesAktau
44%
Sunday AirlinesAktobe
44%
Azur Air/Nordwind Airlines/Red Wings Airlines/Yamal AirlinesChelyabinsk
44%
AJet/Pegasus AirlinesErcan
44%
SunExpressGaziantep
44%
Azur Air/Nordwind Airlines/Southwind AirlinesIrkutsk
44%
Corendon AirlinesKarlsruhe/Baden-Baden
44%
SkyUpKherson
44%
Azur Air/Ikar/RossiyaKrasnodar
44%
Corendon Dutch AirlinesMaastricht/Aachen
44%
Corendon AirlinesMemmingen
44%
Corendon Airlines/Pegasus Airlines/SunExpressMunster/Osnabruck
44%
TUI fly BelgiumOstend/Bruges
44%
Corendon Airlines/Freebird Airlines/Pegasus Airlines/SunExpressPaderborn/Lippstadt
44%
BH Air/European Air Charter/SunExpressPlovdiv
44%
Air ArabiaSharjah
44%
IkarVladivostok
44%
Pegasus AirlinesAlesund
38%
Azur Air/Nordwind Airlines/Yamal AirlinesBelgorod
38%
Aero Nomad AirlinesBishkek
38%
Enter Air/Pegasus AirlinesBydgoszcz
38%
SunExpressDiyarbakir
38%
Windrose AirlinesDnipropetrovsk
38%
Corendon Airlines/Mavi Gok AirlinesFriedrichshafen
38%
Corendon Dutch Airlines/TUI fly NetherlandsGroningen
38%
Corendon AirlinesKassel
38%
Azur Air/I-Fly/Ikar/Southwind AirlinesKrasnoyarsk
38%
SundairLubeck
38%
Azur Air/Nordwind Airlines/Southwind AirlinesOrenburg
38%
Pegasus Airlines/Sunday AirlinesShymkent
38%
AnimawingsSibiu
38%
Enter AirSzczecin
38%
Azur Air/Ikar/Nordwind AirlinesTomsk
38%
Nordwind Airlines/Rossiya/Utair/Yamal AirlinesTyumen
38%
Yamal AirlinesVoronezh
38%
Azur Air/IkarArkhangelsk
31%
Southwind AirlinesBergamo
31%
Jet2.com/TUI AirwaysBournemouth
31%
Yamal AirlinesBryansk
31%
Corendon Airlines/Freebird Airlines/Tailwind AirlinesErfurt/Weimar
31%
TUI AirwaysExeter
31%
Southwind AirlinesHeraklion
31%
Azur Air Ukraine/SkyUp/Ukraine International Airlines/Windrose AirlinesOdesa
31%
Corendon AirlinesRostock
31%
Azur Air/Nordwind AirlinesSaratov
31%
Pegasus Airlines/SunExpressSharm El Sheikh
31%
TUI AirwaysTeesside
31%
Azur Air/Nordwind AirlinesUlyanovsk
31%
Azur Air/Nordwind AirlinesAstrakhan
25%
Animawings/HiSkyBrasov
25%
SmartwingsCeske Budejovice
25%
Azur Air/Nordwind AirlinesKemerovo
25%
Azur Air/Nordwind AirlinesKhabarovsk
25%
SunExpressMalatya
25%
Nordwind AirlinesNovokuznetsk
25%
Nordwind AirlinesOrsk
25%
Azur Air/Nordwind AirlinesSurgut
25%
Azur Air/Nordwind AirlinesVladikavkaz
25%
Freebird Airlines/Tailwind AirlinesWeeze
25%
Animawings/TAROMBaia Mare
19%
Azur Air/Nordwind AirlinesBarnaul
19%
AnimawingsCraiova
19%
SunExpressHatay
19%
SmartwingsKarlovy Vary
19%
Nordwind AirlinesLipetsk
19%
SunExpressMardin
19%
Pegasus AirlinesNorrkoping
19%
SmartwingsPardubice
19%
TAROMSuceava
19%
Pegasus AirlinesZielona Gora
19%
AnimawingsArad
13%
Nordwind AirlinesCheboksary
13%
Sunday Airlines/Turkish AirlinesKaraganda
13%
Azur Air/Nordwind AirlinesMagnitogorsk
13%
I-Fly/Nordwind Airlines/Yamal AirlinesNizhnevartovsk
13%
AnimawingsOradea
13%
Red Wings AirlinesSaransk
13%
Azur Air/IkarSyktyvkar
13%
AnimawingsTargu Mures
13%
BelaviaHomiel
6%
Nordwind AirlinesKaluga
6%
Sunday AirlinesKostanay
6%
Ural AirlinesKurumoch
6%
SkyUpMykolaiv
6%
Nordwind Airlines/Ural AirlinesNizhnekamsk
6%
Turkish AirlinesNorth Nicosia
6%
Sunday AirlinesOskemen
6%
AirExplorePiest'any
6%

Score Distribution

Percentile by Number Answered

Percent of People with Each Score

Your Score History

You have not taken this quiz since the last reset